000 00309nam a2200121Ia 4500
008 190722s9999 xx 000 0 und d
020 _a13.978-1-25-909837-6
100 _aJess Feist Gregory J.Feist
245 0 _aTheories of Personality
260 _aIndia
_bMC Graw Hill
_c2013
300 _a573
942 _cBK
999 _c845
_d845